| 000 | 00659nab a2200193 a 4500 | ||
|---|---|---|---|
| 005 | 20221022063440.0 | ||
| 008 | 991125s1985 mx 000 0 spa u | ||
| 035 | _aUPN01000115810 | ||
| 222 | _aDEVELOPMENTAL PSYCHOLOGY (WASHINGTON, E.U.) | ||
| 245 | _Destructive Sibling Conflict and the Deveopment of Conduct Problems in young boys/Mónica M. García, Daniel S. Shaw, Emily B. Winslow and Kirsten E. Yaggi | ||
| 300 | _a44-53 | ||
| 362 | 0 | _a2000 vol. 36, no.1 (jun.) | |
| 650 | 4 | _aHERMANOS | |
| 650 | 0 |
_aRelación padres-hijos _91359 |
|
| 650 | 2 |
_aProblemas de conducta _910674 |
|
| 650 | 2 |
_aNiños _918906 |
|
| 905 | _aArticulo | ||
| 999 |
_c88861 _d88861 |
||